Vybrané spoločenské princípy marketingovej stratégie

Východiská etických aspektov marketingovej stratégie. Dve skupiny etických problémov v marketingu. Vzťah marketing-etika. Význam environmentálnej marketingovej stratégie ako konkurenčného faktora. Environmentálne orientované marketingové stratégie. Typológia environmentálne orientovaných stratégií v...

Full description

Saved in:
Bibliographic Details
Main Author: Hanuláková, Eva, 1964-
Other Authors: Pročková, Adriana
Format: Book Chapter
Language:Slovak
Subjects:
Tags: Add Tag
No Tags, Be the first to tag this record!

MARC

LEADER 00000naa a2200000 4500
001 r045381
005 20230918081747.6
041 0 |a slo 
044 |a SK 
245 1 0 |a Vybrané spoločenské princípy marketingovej stratégie  |c Eva Hanuláková, Adriana Pročková 
520 |a Východiská etických aspektov marketingovej stratégie. Dve skupiny etických problémov v marketingu. Vzťah marketing-etika. Význam environmentálnej marketingovej stratégie ako konkurenčného faktora. Environmentálne orientované marketingové stratégie. Typológia environmentálne orientovaných stratégií v závislosti od určenia konkurenčnej výhody a v závislosti od načasovania stratégie. 
610 2 0 |a stratégia marketingová 
610 2 0 |a etika 
610 2 0 |a marketing 
610 2 0 |a environmentalistika 
610 2 0 |a konkurencia 
610 2 0 |a výhody konkurenčné 
610 2 0 |a odberatelia 
610 2 0 |a marketing environmentálny 
100 1 |a Hanuláková, Eva, 1964- 
700 1 |a Pročková, Adriana